000 00963pam a2200277 i 4500
001 4171639
003 NUST - PNEC
005 20170116181144.0
008 790301s1979 nyua b 001 0 eng
010 _a 79011073
020 _a0471030325
040 _aDLC
_cLIBRARY
_dDLC
050 0 0 _aTL570
_b.M22
082 0 0 _a629.1323 MCC
100 1 _aMcCormick, Barnes Warnock,
_d1926-
245 1 0 _aAerodynamics, aeronautics, and flight mechanics /
_cBarnes W. McCormick.
260 _aNew York :
_bWiley,
_cc1979.
300 _axvi, 652 p. :
_bill. ;
_c24 cm.
504 _aIncludes bibliographical references and index.
650 0 _aAerodynamics.
_xME
650 0 _aAirplanes.
856 4 2 _3Publisher description
_uhttp://www.loc.gov/catdir/enhancements/fy0607/79011073-d.html
856 4 1 _3Table of contents only
_uhttp://www.loc.gov/catdir/enhancements/fy0607/79011073-t.html
906 _a7
_bcbc
_corignew
_d1
_eocip
_f19
_gy-gencatlg
942 _2ddc
_cBK
999 _c70636
_d70636